000
00865 a2200157 4500
008
110614t xxu||||| |||| 00| 0 eng d
020
_a
9781844801213
100
_a
Egan,John
245
_a
Marketing communications
260
_b
Cengage learning
_c
2007
_a
London
300
_a
xxii,467 p.
_c
28 cm.
942
_c
BK
_2
lcc
999
_c
38566
_d
38566